| 000 | 00616nam a22001697a 4500 | ||
|---|---|---|---|
| 008 | 160317b xxu||||| |||| 00| 0 eng d | ||
| 020 | _a0195385533 | ||
| 040 |
_aKABU _cKABU |
||
| 050 |
_aMT820 _b.M23 2002 |
||
| 100 | _aMabry, sharon | ||
| 245 |
_aExploaring Twentieth Century Vocal Music _bapractical guide to innovation in performance and repertire _cby sharon mabry |
||
| 260 |
_aNew York _bOxford university press _c2002 |
||
| 300 | _axii,192p. | ||
| 650 |
_avocal music _x20th century bibliography |
||
| 650 |
_asinging _xinstruction and study |
||
| 942 |
_2lcc _cBK _hMT820 .M33 2002 C.1 |
||
| 999 |
_c15824 _d15824 |
||